=LDR 00000nam 2200000 4500 =001 INLIS000000000002825 =005 20130612091137 =008 ***********************************Ind** =035 ##$$0010-061300000002825 =041 ##$$a Ind =082 ##$$a 8x1.4 =090 ##$$a 8x1.4, Sel-b =100 ##$$a SELASIH =245 ##$$a Bujang jauh =260 ##$$a 1990 $b Jakarta =300 ##$$a xiii, 139 hlm, 21 cm =650 ##$$a Kesusastraan Minangkabau =850 ##$$a NBPNMAT